Participation of Students in the Family Business and Their Motivation to Entrepreneurship
Analýza predpokladov, očakávaní, pracovnej pripravenosti a postojov študentov k podnikaniu vo všeobecnosti a k rodinnému podnikaniu, najmä v čase, keď sa chystajú ukončiť štúdium.
Salvato in:
| Autore principale: | |
|---|---|
| Altri autori: | |
| Natura: | Capitolo di libro |
| Lingua: | inglese |
| Soggetti: | |
| Tags: |
Nessun Tag, puoi essere il primo ad aggiungerne!!
|
MARC
| LEADER | 00000naa a2200000 4500 | ||
|---|---|---|---|
| 001 | 0248202 | ||
| 005 | 20240527073616.6 | ||
| 041 | 0 | |a eng | |
| 044 | |a SK | ||
| 245 | 1 | 0 | |a Participation of Students in the Family Business and Their Motivation to Entrepreneurship |c Elena Šúbertová, Paulína Srovnalíková |
| 520 | |a Analýza predpokladov, očakávaní, pracovnej pripravenosti a postojov študentov k podnikaniu vo všeobecnosti a k rodinnému podnikaniu, najmä v čase, keď sa chystajú ukončiť štúdium. | ||
| 610 | 2 | 0 | |a študenti |
| 610 | 2 | 0 | |a motivácia pracovná |
| 610 | 2 | 0 | |a podnikanie rodinné |
| 610 | 2 | 0 | |a vzdelávanie vysokoškolské |
| 100 | 1 | |a Šúbertová, Elena | |
| 700 | 1 | |a Srovnalíková, Paulína | |